San Antonio (Record no. 38767)

MARC details
000 -LEADER
fixed length control field 00447nam a2200145Ia 4500
022 ## - INTERNATIONAL STANDARD SERIAL NUMBER
ISSN DS 396.9 .S67/
050 ## - CALL MARK
Classification number UTSA discover: research, scholarship and creative achievement at the university of texas at san antonio
245 #0 - TITLE STATEMENT
Title San Antonio
260 ## - PUBLICATION, DISTRIBUTION, ETC. (IMPRINT)
Place of publication Department of Banking & Finance NSUK
260 ## - PUBLICATION, DISTRIBUTION, ETC. (IMPRINT)
Name of publisher 2007
260 ## - PUBLICATION, DISTRIBUTION, ETC. (IMPRINT)
Year of publication 27 p. : ill. ; 28 cm.
650 ## - SUBJECT ADDED ENTRY--TOPICAL TERM
Topical Term SR

No items available.